Реинжиниринг бизнес-процессов: электронный курс
| Auteur principal: | |
|---|---|
| Collectivité auteur: | |
| Résumé: | Заглавие с экрана В результате освоения данной дисциплины магистрант приобретает знания, умения и навыки, обеспечивающие достижение целей Ц2, Ц3 и Ц6 основной образовательной программы «Менеджмент». Дисциплина нацелена на подготовку магистрантов к: использованию количественных и качественных методов для управления бизнес-процессами и оценки их эффективности; проектированию и управлению любой социально-экономической системой, частью системы, или процессом удовлетворяющими внутренние и внешние потребности предприятия, организации; идентифицированию, формулированию и решению производственных задач, включающие в себя материальные, человеческие и экономические параметры; сопровождению бизнес-процессов в разных сферах менеджмента; использованию современного инструментария для диагностики деятельности и разработки стратегии развития предприятия и организации; работе в постоянно изменяющихся условиях внутренней и внешней среды предприятия, страны и мира. Доступ по логину и паролю |
| Langue: | russe |
| Publié: |
Томск, TPU Moodle, 2014
|
| Sujets: | |
| Accès en ligne: | https://design.lms.tpu.ru/course/view.php?id=181 |
| Format: | Électronique Livre |
| KOHA link: | https://koha.lib.tpu.ru/cgi-bin/koha/opac-detail.pl?biblionumber=651597 |
MARC
| LEADER | 00000nlm0a2200000 4500 | ||
|---|---|---|---|
| 001 | 651597 | ||
| 005 | 20231102025811.0 | ||
| 035 | |a (RuTPU)RU\TPU\network\16846 | ||
| 035 | |a RU\TPU\network\16844 | ||
| 090 | |a 651597 | ||
| 100 | |a 20161116d2014 m y0rusy50 ca | ||
| 101 | 0 | |a rus | |
| 102 | |a RU | ||
| 105 | |a a j 000zy | ||
| 135 | |a jrcn ---uucaa | ||
| 181 | 0 | |a i | |
| 182 | 0 | |a b | |
| 200 | 1 | |a Реинжиниринг бизнес-процессов |e электронный курс |f И. Г. Видяев |g Национальный исследовательский Томский политехнический университет (ТПУ), Институт социально-гуманитарных технологий (ИСГТ), Кафедра менеджмента (МЕН) | |
| 203 | |a Текст |c электронный | ||
| 210 | |a Томск |c TPU Moodle |d 2014 | ||
| 230 | |a Электрон. дан. | ||
| 300 | |a Заглавие с экрана | ||
| 330 | |a В результате освоения данной дисциплины магистрант приобретает знания, умения и навыки, обеспечивающие достижение целей Ц2, Ц3 и Ц6 основной образовательной программы «Менеджмент». Дисциплина нацелена на подготовку магистрантов к: использованию количественных и качественных методов для управления бизнес-процессами и оценки их эффективности; проектированию и управлению любой социально-экономической системой, частью системы, или процессом удовлетворяющими внутренние и внешние потребности предприятия, организации; идентифицированию, формулированию и решению производственных задач, включающие в себя материальные, человеческие и экономические параметры; сопровождению бизнес-процессов в разных сферах менеджмента; использованию современного инструментария для диагностики деятельности и разработки стратегии развития предприятия и организации; работе в постоянно изменяющихся условиях внутренней и внешней среды предприятия, страны и мира. | ||
| 333 | |a Доступ по логину и паролю | ||
| 606 | 1 | |a Реинжиниринг |x Теория |2 stltpush |3 (RuTPU)RU\TPU\subj\36849 |9 58078 | |
| 610 | 1 | |a электронный ресурс | |
| 610 | 1 | |a труды учёных ТПУ | |
| 610 | 1 | |a электронное обучение | |
| 610 | 1 | |a электронные курсы ТПУ | |
| 610 | 1 | |a бизнес-процессы | |
| 610 | 1 | |a управление | |
| 610 | 1 | |a проектирование | |
| 610 | 1 | |a реинжиниринг | |
| 610 | 1 | |a информационные технологии | |
| 610 | 1 | |a электронные учебные пособия | |
| 610 | 1 | |a учебные пособия | |
| 686 | |a У012.12 |2 rubbk | ||
| 700 | 1 | |a Видяев |b И. Г. |c специалист в области менеджмента |c доцент Томского политехнического университета, кандидат экономических наук |f 1981- |g Игорь Геннадьевич |2 stltpush |3 (RuTPU)RU\TPU\pers\25421 | |
| 712 | 0 | 2 | |a Национальный исследовательский Томский политехнический университет (ТПУ) |b Институт социально-гуманитарных технологий (ИСГТ) |b Кафедра менеджмента (МЕН) |h 150 |2 stltpush |3 (RuTPU)RU\TPU\col\18855 |
| 801 | 2 | |a RU |b 63413507 |c 20211029 |g RCR | |
| 856 | 4 | |u https://design.lms.tpu.ru/course/view.php?id=181 | |
| 942 | |c CF | ||